| 000 | 00894nam a22002537a 4500 | ||
|---|---|---|---|
| 005 | 20170123164154.0 | ||
| 010 | _aA-978198 | ||
| 020 | _c170.00 | ||
| 035 | _aA-978198 | ||
| 037 | _aCen Lib / Ret | ||
| 040 |
_aDPL _bPN |
||
| 082 |
_a260 _bਅਮਰ |
||
| 100 |
_aਅਮਰ ਭਾਰਤੀ _9140328 |
||
| 245 |
_aਅਲਹ ਵਰਸਉ ਮੇਹੁ / _cਅਮਰ ਭਾਰਤੀ |
||
| 246 |
_aAlah varsou menh / _bby Amar Bharti |
||
| 260 |
_aਦਿੱਲੀ _bਮਨਪ੍ਰੀਤ ਪ੍ਰਕਾਸ਼ਨ _c1999 |
||
| 270 |
_a16/16 (1st floor) ਗੀਤਾ ਕਾਲੋਨੀ _bਦਿੱਲੀ _e110031 |
||
| 300 |
_a183p. _c22cm(Hb) |
||
| 650 |
_aਪੰਜਾਬੀ ਸਾਹਿਤ _9140329 |
||
| 650 |
_aSikh - Religion _979271 |
||
| 650 |
_aLiterature - Punjabi _9140330 |
||
| 650 |
_aਸਿਖ -- ਧਰਮ _93457 |
||
| 942 |
_2ddc _cPN _h260 _mਅਮਰ |
||
| 999 |
_c110542 _d110542 |
||